| 000 | 00648nam a2200193 4500 | ||
|---|---|---|---|
| 005 | 20151207081634.0 | ||
| 008 | 150417b sp ||||| |||| 00| 0 spa d | ||
| 020 | _a8484323293 | ||
| 050 | 0 | 4 |
_aD13 _bF66 2002 |
| 100 | 1 |
_aFontana, Josep, _d[1931- ] |
|
| 245 | 1 | 0 |
_aLa historia de los hombres : _bel siglo XX _c/ Josep Fontana |
| 250 | _a1a ed. | ||
| 260 |
_aBarcelona, España : _bCrítica, _c2002. |
||
| 300 |
_a230 p. ; _c19 cm. |
||
| 490 |
_aBiblioteca de Bolsillo ; _v 81 |
||
| 650 | 7 |
_2LEMB _aHistoria _xEstudio y enseñanza _ySiglo XX |
|
| 650 | 7 |
_2LEMB _aHistoriografía _xCritica y interpretación _ySiglo XX |
|
| 942 |
_2lcc _cLIB |
||
| 999 |
_c91034 _d91034 |
||